| 000 | 01366cam a22003737a 4500 | ||
|---|---|---|---|
| 003 | CHAP | ||
| 005 | 20220817041312.0 | ||
| 008 | 971013s1983 r 00010 d | ||
| 010 | _a10787 | ||
| 011 | _a11759 | ||
| 035 | _a11052 | ||
| 040 | _cCHAP | ||
| 082 |
_a636.08 _bS2 |
||
| 100 | 0 | 0 |
_aSchiavo Bernasconi, Carlos Nelson. _9102982 |
| 245 | 1 | 3 | _aEl marco estructural de la ganaderia bovina mexicana |
| 260 |
_aChapingo, Méx. : _bUACH, _c1983 |
||
| 300 | _a223 p | ||
| 590 |
_aBATCH-UPD _b10 _c20130110 _lUCH01 _h0023 |
||
| 590 |
_aBATCH-UPD _b10 _c20130110 _lUCH01 _h1226 |
||
| 590 |
_aBATCH-UPD _b10 _c20130410 _lUCH01 _h0758 |
||
| 590 |
_aBATCH-UPD _b10 _c20130914 _lUCH01 _h1455 |
||
| 590 |
_aCONVERSION _b10 _c20130109 _lUCH01 _h1307 |
||
| 650 | 1 | 4 |
_aGanadería _zMéxico. _944867 |
| 650 | 1 | 4 |
_aGanado vacuno _xMéxico. _945492 |
| 650 | 1 | 4 |
_aPolítica ganadera _zMéxico. |
| 901 | _aBK | ||
| 942 | _cLIBRO | ||
| 949 |
_a636.08 S2 _bBC _cLIBRO _d-154461 _eLIBRO _h59719 _i11052 _si |
||
| 949 |
_a636.08 S2 _bBC _cLIBRO _d33724000264305 _eLIBRO _fc.3 _h59721 _i11052 _si |
||
| 949 |
_a636.08 S2 _bBC _cLIBRO _d33724000264313 _eLIBRO _fc.2 _h59720 _i11052 _si |
||
| 949 |
_a636.08 S2 _bBC _cLIBRO _d33724000663464 _eLIBRO _fc.4 _h59722 _i11052 _si |
||
| 949 |
_a636.08 S2 _bBC _cUACH _d-149169 _eUACH _fc.5 _h59723 _i11052 _si |
||
| 949 |
_a636.08 S2 _bZA _cLIBRO _d-23117 _eLIBRO _h59719 _i11052 _si |
||
| 999 |
_c10787 _d10787 |
||